South Asian Studies (Record no. 2444)

MARC details
000 -LEADER
fixed length control field 00354nam a22001457a 4500
003 - CONTROL NUMBER IDENTIFIER
control field OSt
005 - DATE AND TIME OF LATEST TRANSACTION
control field 20160727222550.0
008 - FIXED-LENGTH DATA ELEMENTS--GENERAL INFORMATION
fixed length control field 160714b xxu||||| |||| 00| 0 eng d
040 ## - CATALOGING SOURCE
Transcribing agency South Asian Studies
100 ## - MAIN ENTRY--PERSONAL NAME
9 (RLIN) 2871
Personal name Gill, S.A
245 ## - TITLE STATEMENT
Title South Asian Studies
260 ## - PUBLICATION, DISTRIBUTION, ETC. (IMPRINT)
Place of publication, distribution, etc. Pak
Name of publisher, distributor, etc. S.A.S
Date of publication, distribution, etc. 2005
300 ## - PHYSICAL DESCRIPTION
Extent South Asian Studies
942 ## - ADDED ENTRY ELEMENTS (KOHA)
Source of classification or shelving scheme Dewey Decimal Classification
Koha item type BOOK
Holdings
Withdrawn status Lost status Source of classification or shelving scheme Damaged status Not for loan Home library Current library Shelving location Date acquired Total Checkouts Full call number Barcode Date last seen Price effective from Koha item type
    Library of Congress Classification     Good Samaritan School Library Good Samaritan School Library   07/14/2016   954 GIL4025 07/14/2016 07/14/2016 BOOK

Powered by Koha